<?xml version="1.0" encoding="UTF-8"?>
<record
    xmlns:xsi="http://www.w3.org/2001/XMLSchema-instance"
    xsi:schemaLocation="http://www.loc.gov/MARC21/slim http://www.loc.gov/standards/marcxml/schema/MARC21slim.xsd"
    xmlns="http://www.loc.gov/MARC21/slim">

  <leader>02315nam a2200313 a 4500</leader>
  <controlfield tag="001"> </controlfield>
  <controlfield tag="003">DO-SdBNP</controlfield>
  <controlfield tag="005">20220718135250.0</controlfield>
  <controlfield tag="007"> </controlfield>
  <controlfield tag="008">100825s1975   dr c          000 0bspa d</controlfield>
  <datafield tag="040" ind1=" " ind2=" ">
    <subfield code="a">BPMSU</subfield>
    <subfield code="b">spa</subfield>
    <subfield code="c">BPMSU</subfield>
  </datafield>
  <datafield tag="082" ind1=" " ind2=" ">
    <subfield code="a">923.57293</subfield>
    <subfield code="b">L965R, 1975</subfield>
    <subfield code="2">22</subfield>
  </datafield>
  <datafield tag="092" ind1=" " ind2=" ">
    <subfield code="a">.</subfield>
  </datafield>
  <datafield tag="100" ind1="1" ind2=" ">
    <subfield code="a">Rodr&#xED;guez Obj&#xED;o, Manuel </subfield>
    <subfield code="d">1838-1871</subfield>
  </datafield>
  <datafield tag="245" ind1="1" ind2="0">
    <subfield code="a">Gregorio Luper&#xF3;n e historia de la restauraci&#xF3;n /</subfield>
    <subfield code="c"> Manuel Rodr&#xED;guez Obj&#xED;o </subfield>
  </datafield>
  <datafield tag="250" ind1=" " ind2=" ">
    <subfield code="a"> </subfield>
  </datafield>
  <datafield tag="260" ind1=" " ind2=" ">
    <subfield code="a">Santiago de los Caballeros, Rep&#xFA;blica Dominicana :</subfield>
    <subfield code="b"> Sociedad Dominicana de Bibli&#xF3;filos ;</subfield>
    <subfield code="b">Editora Santo Domingo, </subfield>
    <subfield code="c">1975</subfield>
  </datafield>
  <datafield tag="300" ind1=" " ind2=" ">
    <subfield code="a">v. :</subfield>
    <subfield code="b"> </subfield>
    <subfield code="c">24 cm.</subfield>
  </datafield>
  <datafield tag="490" ind1=" " ind2=" ">
    <subfield code="a"> Sociedad Dominicana de Bibli&#xF3;filos, </subfield>
    <subfield code="a">Cultura dominicana </subfield>
  </datafield>
  <datafield tag="500" ind1=" " ind2=" ">
    <subfield code="3">Incluye referencias  bibliogr&#xE1;ficas y notas al pie de las p&#xE1;ginas </subfield>
  </datafield>
  <datafield tag="505" ind1="0" ind2=" ">
    <subfield code="a">Presentaci&#xF3;n / Porfirio Garc&#xED;a Fern&#xE1;ndez -- Manuel Rodr&#xED;guez Obj&#xED;o: precursor de la historia nacional / Roberto Cass&#xE1; -- Nota biogr&#xE1;fica / Luis E. Alemar -- Dos cartas -- Pr&#xF3;logo -- Introducci&#xF3;n -- Antes de 1863 -- Primer episodio de la restauraci&#xF3;n -- El 16 de agosto -- Gobierno provisorio de Salcedo -- Campa&#xF1;a de Ban&#xED; -- La confinaci&#xF3;n de Luper&#xF3;n a Sabaneta -- Segunda campa&#xF1;a del Este -- Documentos, campa&#xF1;a de Este -- Muerte de Salcedo -- Dictadura del gobierno de Polanco -- Un art&#xED;culo del Bolet&#xED;n Oficial -- La primera reforma reaccionaria -- La segunda Rep&#xFA;blica -- Luper&#xF3;n en el destierro --
Presentaci&#xF3;n -- Manuel Rodr&#xED;guez Obj&#xED;o precursor de la historia nacional -- Relaciones con Hait&#xED; -- El Triunvirato en Santo Domingo: su renuncia -- El Partido Nacional en el poder -- Los baecistas derrocan a Cabral -- Contrarrevoluci&#xF3;n de los proscritos -- Luper&#xF3;n dirige el movimiento nacionalista -- Proyectos, intrigas y desavenencias -- Actividades de la causa nacional -- Odisea y complicaciones del "Tel&#xE9;grafo" -- Agitaciones contra la anexi&#xF3;n a los Estados Unidos -- Post scriptum.</subfield>
  </datafield>
  <datafield tag="533" ind1=" " ind2=" ">
    <subfield code="a">Facs&#xED;mil:
 </subfield>
    <subfield code="b">Santiago, Rep&#xFA;blica Dominicana:</subfield>
    <subfield code="c">Editorial El Diario,</subfield>
    <subfield code="d">1939</subfield>
  </datafield>
  <datafield tag="586" ind1=" " ind2=" ">
    <subfield code="a">Primer Premio en el Concurso de Historia del Centenario de la Restauraci&#xF3;n.</subfield>
  </datafield>
  <datafield tag="600" ind1="1" ind2="4">
    <subfield code="a">Luper&#xF3;n Guegorio </subfield>
    <subfield code="d">1839-1897</subfield>
  </datafield>
  <datafield tag="651" ind1=" " ind2="4">
    <subfield code="a">Rep&#xFA;blica Dominicana </subfield>
    <subfield code="x">Historia </subfield>
    <subfield code="y">Restauraci&#xF3;n, 863-1865</subfield>
  </datafield>
  <datafield tag="830" ind1=" " ind2=" ">
    <subfield code="p">Biblioteca juvenil Tobog&#xE1;n </subfield>
  </datafield>
  <datafield tag="910" ind1=" " ind2=" ">
    <subfield code="a">VMateo </subfield>
  </datafield>
  <datafield tag="942" ind1=" " ind2=" ">
    <subfield code="2">ddc</subfield>
    <subfield code="c">BK</subfield>
  </datafield>
  <datafield tag="952" ind1=" " ind2=" ">
    <subfield code="0">0</subfield>
    <subfield code="1">0</subfield>
    <subfield code="2">ddc</subfield>
    <subfield code="4">0</subfield>
    <subfield code="7">0</subfield>
    <subfield code="8">CD</subfield>
    <subfield code="a">BPMET</subfield>
    <subfield code="b">BPMET</subfield>
    <subfield code="d">2021-05-10</subfield>
    <subfield code="e"> Reyes Duluc</subfield>
    <subfield code="o">BPMSU CD 923.57293 L965R 1975</subfield>
    <subfield code="p">BPMSU21050025</subfield>
    <subfield code="r">2021-05-10</subfield>
    <subfield code="t">v.2</subfield>
    <subfield code="w">2021-05-10</subfield>
    <subfield code="y">BK</subfield>
  </datafield>
  <datafield tag="999" ind1=" " ind2=" ">
    <subfield code="c">13471</subfield>
    <subfield code="d">13471</subfield>
  </datafield>
</record>
